| 000 | 01497nam a2200241Ia 4500 | ||
|---|---|---|---|
| 003 | Ost | ||
| 005 | 20260507075641.0 | ||
| 008 | 260507s9999||||xx |||||||||||||| ||und|| | ||
| 040 | _cfsecg | ||
| 041 | _aara | ||
| 082 | _a657.42 | ||
| 100 |
_aفخر، نواف _eمؤلف |
||
| 245 | 0 |
_aمحاسبة التكاليف الصناعية / _c نواف فخر |
|
| 260 |
_aعمان: _bالدار العلمية الدولية للنشر والتوزيع, _c2002 |
||
| 300 |
_a460 صفحة؛ _bإيضاحات ؛ _c24 سم |
||
| 490 |
_aسلسلة الكتب المحاسبية 12 _v12 |
||
| 520 | _aمدخل الى محاسبة التكاليف، الاسس النظرية والإجراءات العملية لوضع نظام محاسبة التكاليف، مفاهيم التكلفة وطرق تبويب عناصر وبنود التكاليف المختلفة- النظريات الاساسية لتحميل عناصر التكاليف زنماذج اعداد القوائم والحسابات الختامية في المنشآت الصناعية، الرقابة عن تكلفة المستلزمات السلعية، المحاسبة عن الاجور، المحاسبة عن تكاليف غير الصناعية غير المباشرة، محاسبة التكاليف على أساس الانشطة | ||
| 653 | _aالتكاليف | ||
| 653 | _aالمحاسبة | ||
| 653 | _aمحاسبة التكاليف | ||
| 700 |
_aالدليمي، خليل _eمؤلف ثانوي |
||
| 942 | _cكتاب | ||
| 999 |
_c45405 _d45405 |
||